LEADER 01333nam a2200313 i 4500 001 000000062545 003 CaOOAMICUS 005 20241028125822.0 008 110505s1992 it u000 u ita u 020 $a88-7692-281-4 040 $aSeMil$bita 100 0 $aGuilelmus : Malmesbiriensis,$d.$0(OLS)http://semarc/name/90804 245 10$aGesta Regum :$ble gesta dei re degli Angli /$cGuglielmo di Malmesbury. 264 1$aPordenone :$bStudio Tesi,$c1992. 300 $aL, 565 p. ;$c24 cm. 490 1 $aBiblioteca di storia ;$v5 541 0 $aFondo Ciprandi (3T IV 126) 650 4$aAngli - Storia - Medioevo.$0(OLS)http://semarc/subject/8284 650 4$aSassoni - Storia - Medioevo.$0(OLS)http://semarc/subject/8285 650 4$aInghilterra - Storia.$0(OLS)http://semarc/subject/960 830 0$aBiblioteca di storia ;$v5.$0(OLS)http://semarc/title/9752 850 $aSeMil 852 $aSeMil$W1$xVenegono$y1$m3T IV 126$j251924$B28698$CSeMilBibl$Z2$F28701 $81 941 1 $a1 961 $aOmaggio: Ciprandi dott. Paolo 996 $6020$a88-7692-281-4$9(OLS)http://semarc/number/39122 996 $6245$aGesta Regum :$ble gesta dei re degli Angli$9(OLS)http://semarc/title/98478 996 $6264$aPordenone :$bStudio Tesi$9(OLS)http://semarc/publisher/32924 LEADER 00467naa a2200145 i 4500 001 000000301117 003 CaOOAMICUS 005 20180831172716.0 008 180831n xx u000 u und u 013 $a8840 040 $aSeMil$bita 100 1 $aMosher, F.A.$0(OLS)http://semarc/name/86310 245 13$aLe domande. 773 0 $tStudi sullo sviluppo cognitivo.$b2. ed. interamente riveduta.$dRoma : Armando, 1973.$w()35055 996 $6245$aLe domande$9(OLS)http://semarc/title/376602